[Event "Titled Tuesday intern op 03rd Jan Late"]
[Site "Chess.com INT"]
[Date "2025.06.03"]
[Round "2"]
[White "Carnicelli, Valerio"]
[Black "Norowitz, Yaacov"]
[Result "1-0"]
[WhiteElo "2396"]
[BlackElo "2400"]
[PlyCount "97"]
[EventDate "2025.06.03"]
[EventType "swiss (blitz)"]
[EventRounds "11"]
[EventCountry "USA"]
[SourceTitle "CB24_2025"]
[SourceDate "2025.06.11"]
[SourceVersion "1"]
[SourceVersionDate "2025.06.11"]
[SourceQuality "1"]

1. b3 b6 2. e4 Bb7 3. Nc3 c5 4. Nf3 g6 5. Bb2 Bg7 6. d4 cxd4 7. Nxd4 Nc6 8. Nxc6 dxc6 9. Qf3 Nf6 10. e5 Nd5 11. Nxd5 Qxd5 12. Qxd5 cxd5 13. Bb5+ Kd8 14. 0-0-0 Kc7 15. Rhe1 e6 16. h4 Rac8 17. Bd4 h6 18. Re3 g5 19. Rh1 Bc6 20. Bd3 Kb7 21. Rg3 Rcg8 22. Kb2 gxh4 23. Rxh4 Bf8 24. Rhg4 Rxg4 25. Rxg4 h5 26. Rf4 Be8 27. Be2 h4 28. Rf3 Bc5 29. c3 Kc7 30. Rh3 Rg8 31. Bf3 Be7 32. Rh1 a5 33. a4 Rh8 34. Bg4 Rg8 35. f3 Rh8 36. Rc1 Bc5 37. b4 Bxd4 38. cxd4+ Kd8 39. Kb3 Rh6 40. bxa5 bxa5 41. Rc5 f6 42. Rxa5 fxe5 43. dxe5 Bd7 44. Ra8+ Kc7 45. Ra7+ Kc6 46. Kb4 Rg6 47. a5 Rg5 48. a6 Rxe5 49. Rxd7 1-0

[Event "Titled Tuesday intern op 03rd Jan Late"]
[Site "Chess.com INT"]
[Date "2025.06.03"]
[Round "1"]
[White "Norowitz, Yaacov"]
[Black "Mika, Tomasz1"]
[Result "1-0"]
[WhiteElo "2400"]
[BlackElo "2227"]
[PlyCount "163"]
[EventDate "2025.06.03"]
[EventType "swiss (blitz)"]
[EventRounds "11"]
[EventCountry "USA"]
[SourceTitle "CB24_2025"]
[SourceDate "2025.06.11"]
[SourceVersion "1"]
[SourceVersionDate "2025.06.11"]
[SourceQuality "1"]

1. d4 Nf6 2. Nf3 e6 3. c3 b6 4. Bg5 Bb7 5. e3 Be7 6. Nbd2 h6 7. Bxf6 Bxf6 8. g3 d6 9. Bg2 Nd7 10. Qc2 a5 11. a4 Qe7 12. 0-0 Rb8 13. Rfe1 0-0 14. b4 e5 15. Reb1 Ra8 16. Nxe5 Bxg2 17. Nxd7 Qxd7 18. Kxg2 axb4 19. cxb4 Ra7 20. Ne4 Be7 21. b5 Rfa8 22. Nc3 c5 23. dxc5 dxc5 24. Rd1 Qe6 25. Qe4 Qxe4+ 26. Nxe4 Rxa4 27. Rxa4 Rxa4 28. Nd6 Rb4 29. Nc8 Bf6 30. Nxb6 Rxb5 31. Nd5 Bb2 32. Rb1 c4 33. Nc3 Rb3 34. Nd1 c3 35. Nxc3 Rxc3 36. Rxb2 g6 37. g4 Kg7 38. Kg3 Rc4 39. Rb5 Rc3 40. h4 Rc4 41. f3 Rc3 42. e4 Rc4 43. Kf4 Rc3 44. Ra5 Rc7 45. Rd5 Rb7 46. Rc5 Ra7 47. Kg3 Rb7 48. Rc3 Ra7 49. e5 Ra5 50. f4 Ra6 51. h5 gxh5 52. gxh5 Ra4 53. Kg4 Ra6 54. Rc7 Rb6 55. Ra7 Kg8 56. Kf5 Rc6 57. Rd7 Kg7 58. Rd8 Rb6 59. Rc8 Ra6 60. Rc7 Rb6 61. Re7 Rb5 62. Rd7 Ra5 63. Ke4 Ra4+ 64. Rd4 Ra6 65. f5 Rb6 66. Rd7 Kg8 67. Rd8+ Kg7 68. f6+ Kh7 69. Rd7 Kh8 70. Kf5 Kg8 71. Re7 Rb8 72. Rd7 Ra8 73. Rd5 Rb8 74. Ke4 Ra8 75. Rc5 Ra4+ 76. Kd5 Rh4 77. Kd6 Rxh5 78. Ke7 Rf5 79. e6 fxe6 80. Rxf5 exf5 81. f7+ Kh7 82. Kf6 1-0

[Event "Titled Tuesday intern op 20th May Late"]
[Site "Chess.com INT"]
[Date "2025.05.20"]
[Round "2"]
[White "Iglesias Ferreira, Andres"]
[Black "Norowitz, Yaacov"]
[Result "0-1"]
[WhiteElo "2279"]
[BlackElo "2400"]
[PlyCount "50"]
[EventDate "2025.05.20"]
[EventType "swiss (blitz)"]
[EventRounds "11"]
[EventCountry "USA"]
[SourceTitle "CB22_2025"]
[SourceDate "2025.05.28"]
[SourceVersion "1"]
[SourceVersionDate "2025.05.28"]
[SourceQuality "1"]

1. Nf3 Nf6 2. d4 b6 3. e3 Bb7 4. Be2 e6 5. 0-0 c5 6. b3 cxd4 7. exd4 Nc6 8. Bb2 Be7 9. a3 0-0 10. c4 d5 11. Nbd2 Rc8 12. Rc1 Ne4 13. cxd5 Qxd5 14. Bc4 Qf5 15. Bd3 Nxf2 16. Bxf5 Nxd1 17. Bxh7+ Kxh7 18. Rfxd1 Rfd8 19. Nc4 b5 20. Nce5 Nxe5 21. Nxe5 f6 22. Rxc8 Rxc8 23. Nd7 Rc2 24. Bc1 Rxg2+ 25. Kf1 Rxh2 0-1

[Event "Titled Tuesday intern op 28th Jan Early"]
[Site "Chess.com INT"]
[Date "2025.01.28"]
[Round "4"]
[White "Ghoreishi Amiri, Seyed Kian"]
[Black "Norowitz, Yaacov"]
[Result "0-1"]
[WhiteElo "2020"]
[BlackElo "2402"]
[PlyCount "140"]
[EventDate "2025.01.28"]
[EventType "swiss (blitz)"]
[EventRounds "11"]
[EventCountry "USA"]
[SourceTitle "CB06_2025"]
[SourceDate "2025.02.05"]
[SourceVersion "1"]
[SourceVersionDate "2025.02.05"]
[SourceQuality "1"]

1. d4 Nf6 2. c4 e5 3. dxe5 Ne4 4. Nf3 Nc6 5. Nbd2 Bb4 6. a3 Nxd2 7. Bxd2 Bxd2+ 8. Qxd2 0-0 9. g3 Qe7 10. Bg2 Nxe5 11. Nxe5 Qxe5 12. 0-0 d6 13. Rad1 Bd7 14. e3 Bc6 15. b3 Bxg2 16. Kxg2 a5 17. a4 b6 18. Rfe1 Rfe8 19. h4 h5 20. Qd3 Qe4+ 21. Qxe4 Rxe4 22. Kf3 Rae8 23. Rd2 g6 24. Red1 Kg7 25. Rd5 R4e5 26. R5d4 Kf6 27. Rb1 Rf5+ 28. Ke2 Kg7 29. Rb2 Rfe5 30. Kd3 R8e7 31. Rf4 R5e6 32. Rb1 Rf6 33. b4 axb4 34. Rxb4 Re5 35. Rb5 Rfe6 36. a5 bxa5 37. Rb3 a4 38. Ra3 Ra5 39. Kc3 c5 40. e4 Rf6 41. Rxf6 Kxf6 42. Kd3 Ke6 43. Ke3 f5 44. Kf4 fxe4 45. Kxe4 Ra8 46. f4 d5+ 47. Kd3 Kd6 48. Kc3 Kc6 49. Kd3 d4 50. Kd2 Kb6 51. Kd3 Kc6 52. Kd2 Kd7 53. Kd3 Kd6 54. Kd2 Ke6 55. Kd3 Kf5 56. Ke2 Ke4 57. Kd2 Ra7 58. Ke2 Kf5 59. Kd3 Ra8 60. Ke2 Ke4 61. Kd2 d3 62. Rxd3 a3 63. Re3+ Kd4 64. Re1 a2 65. Ra1 Kxc4 66. Kc2 Kb4 67. Kb2 c4 68. Kc2 c3 69. Kd1 Kb3 70. Kc1 Rd8 0-1

[Event "Titled Tuesday intern op 28th Jan Early"]
[Site "Chess.com INT"]
[Date "2025.01.28"]
[Round "3"]
[White "Norowitz, Yaacov"]
[Black "Khademi, Mohammad Miran"]
[Result "0-1"]
[WhiteElo "2402"]
[BlackElo "2116"]
[PlyCount "134"]
[EventDate "2025.01.28"]
[EventType "swiss (blitz)"]
[EventRounds "11"]
[EventCountry "USA"]
[SourceTitle "CB06_2025"]
[SourceDate "2025.02.05"]
[SourceVersion "1"]
[SourceVersionDate "2025.02.05"]
[SourceQuality "1"]

1. d4 c5 2. c3 e6 3. Nf3 b6 4. d5 exd5 5. Qxd5 Nc6 6. Bg5 Nf6 7. Bxf6 Qxf6 8. Nbd2 Bb7 9. 0-0-0 0-0-0 10. Qg5 d5 11. Qxf6 gxf6 12. e3 Rg8 13. g3 d4 14. Bg2 Bh6 15. Rhe1 dxe3 16. fxe3 Rge8 17. Nc4 Kc7 18. Rxd8 Nxd8 19. a4 Bd5 20. Na3 Rxe3 21. Rxe3 Bxe3+ 22. Kd1 Bb3+ 23. Ke2 Bc1 24. Nb5+ Kb8 25. Nd2 Bxa4 26. Nd6 Bxb2 27. N2e4 f5 28. Nxf5 Bc6 29. Kd2 c4 30. Ne3 b5 31. Nc2 a5 32. Nd4 Bxe4 33. Bxe4 b4 34. Nb5 b3 35. Nd6 a4 36. Nxc4 Ba1 37. Nb6 a3 38. Nd7+ Kc7 39. Nc5 a2 40. Nxb3 Bb2 41. Bxh7 Ne6 42. Kc2 a1Q 43. Nxa1 Bxa1 44. Bg8 Nd8 45. h4 Kd6 46. h5 Ke7 47. Bh7 Ne6 48. g4 Ng5 49. Bf5 Kf6 50. h6 Nf3 51. Be4 Ng5 52. Bd3 Ne6 53. Bf5 Ng5 54. Kb3 Nf3 55. Be4 Ng5 56. Bf5 Nh3 57. g5+ Nxg5 58. h7 Kg7 59. c4 Bd4 60. Kb4 Nxh7 61. c5 Be5 62. Kb5 Nf8 63. c6 Kf6 64. Bh3 Ke7 65. Ka6 Ne6 66. Kb7 Nd8+ 67. Kb6 Bd4+ 0-1

[Event "Titled Tuesday intern op 24th Sep Late"]
[Site "Chess.com INT"]
[Date "2024.09.24"]
[Round "1"]
[White "Playa, Marcelo"]
[Black "Norowitz, Yaacov"]
[Result "0-1"]
[WhiteElo "2376"]
[BlackElo "2402"]
[PlyCount "88"]
[EventDate "2024.09.24"]
[EventType "swiss (blitz)"]
[EventRounds "11"]
[EventCountry "USA"]
[SourceTitle "EXT 2025"]
[Source "ChessBase"]
[SourceDate "2024.10.14"]
[SourceVersion "1"]
[SourceVersionDate "2024.10.14"]
[SourceQuality "1"]

1. e4 c6 2. d4 d5 3. e5 Bf5 4. g4 Bd7 5. Nc3 e6 6. Be3 c5 7. Qd2 Nc6 8. Nf3 cxd4 9. Bxd4 Bb4 10. 0-0-0 Rc8 11. Qe3 Nxd4 12. Qxd4 Bxc3 13. bxc3 Qa5 14. Kb2 Ne7 15. Qb4 Nc6 16. Qxa5 Nxa5 17. Rd4 a6 18. Be2 Ke7 19. Rhd1 Rc5 20. Rb4 Rhc8 21. Rd3 Bb5 22. Re3 Bxe2 23. Rxe2 Rxc3 24. Nd4 b5 25. f4 R3c4 26. a3 Rxb4+ 27. axb4 Nc6 28. Nxc6+ Rxc6 29. c3 Rc4 30. Rf2 g5 31. fxg5 Rxg4 32. Kb3 Rxg5 33. Re2 Rh5 34. Ra2 Rxe5 35. Rxa6 Re3 36. Kc2 Re2+ 37. Kd3 Rxh2 38. Rb6 h5 39. Rxb5 h4 40. Rb8 h3 41. Rh8 Rh1 42. Kc2 h2 43. Kb2 Kd6 44. Rh5 f5 0-1

[Event "Titled Tuesday intern op 10th Sep Early"]
[Site "Chess,com INT"]
[Date "2024.09.10"]
[Round "2"]
[White "Al Tarbosh, Ward"]
[Black "Norowitz, Yaacov"]
[Result "1-0"]
[WhiteElo "2242"]
[BlackElo "2402"]
[PlyCount "83"]
[EventDate "2024.09.10"]
[EventType "swiss (blitz)"]
[EventRounds "11"]
[EventCountry "USA"]
[SourceTitle "EXT 2025"]
[Source "ChessBase"]
[SourceDate "2024.10.14"]
[SourceVersion "1"]
[SourceVersionDate "2024.10.14"]
[SourceQuality "1"]

1. e4 c6 2. Nf3 d5 3. Nc3 dxe4 4. Nxe4 Nf6 5. Nxf6+ gxf6 6. Bc4 Bg4 7. h3 Bh5 8. d4 e6 9. Be3 Nd7 10. Qd2 Nb6 11. Bb3 Rg8 12. g4 Bg6 13. c4 Be4 14. Qe2 Bb4+ 15. Kf1 Qc7 16. Bc2 Bg6 17. c5 Nd5 18. a3 Nxe3+ 19. fxe3 Bxc2 20. Qxc2 Qg3 21. Qf2 Qxf2+ 22. Kxf2 Ba5 23. b4 Bc7 24. a4 a6 25. b5 axb5 26. axb5 Kd7 27. b6 Rxa1 28. Rxa1 Bb8 29. Ke2 h5 30. gxh5 Rh8 31. Ra8 Kc8 32. Ra1 Rxh5 33. Rg1 Kd7 34. Rg8 Bd6 35. cxd6 Rb5 36. Rg7 Kxd6 37. Rxf7 Rxb6 38. h4 f5 39. Ne5 Kd5 40. Kf3 c5 41. Rd7+ Rd6 42. Rxd6+ 1-0

[Event "Titled Tuesday intern op 10th Sep Late"]
[Site "Chess,com INT"]
[Date "2024.09.10"]
[Round "1"]
[White "Norowitz, Yaacov"]
[Black "Matlak, Oleksandr"]
[Result "1-0"]
[WhiteElo "2402"]
[BlackElo "2235"]
[PlyCount "69"]
[EventDate "2024.09.10"]
[EventType "swiss (blitz)"]
[EventRounds "11"]
[EventCountry "USA"]
[SourceTitle "EXT 2025"]
[Source "ChessBase"]
[SourceDate "2024.10.14"]
[SourceVersion "1"]
[SourceVersionDate "2024.10.14"]
[SourceQuality "1"]

1. d4 Nf6 2. e3 g6 3. Nf3 Bg7 4. Be2 0-0 5. 0-0 c5 6. b3 b6 7. Bb2 Bb7 8. c4 e6 9. dxc5 bxc5 10. Nc3 d5 11. cxd5 exd5 12. Na4 Nbd7 13. Rc1 Rc8 14. Ne5 Nxe5 15. Bxe5 Qe7 16. Bb2 Rfd8 17. Bf3 Ne4 18. Bxg7 Kxg7 19. Bxe4 Qxe4 20. Nxc5 Rxc5 21. Rxc5 d4 22. Rg5 Qe7 23. Rg3 dxe3 24. Qa1+ Kg8 25. Rxe3 Qg5 26. Rg3 Qd5 27. h3 h5 28. Qf6 Rd6 29. Qf4 Kg7 30. Re1 Rf6 31. Qe5 Qd2 32. Rf1 Qxa2 33. Qa1 Qc2 34. Rc3 Qe4 35. Rf3 1-0

[Event "Titled Tuesday intern op 10th Sep Late"]
[Site "Chess,com INT"]
[Date "2024.09.10"]
[Round "2"]
[White "Sajin, Mirko"]
[Black "Norowitz, Yaacov"]
[Result "1-0"]
[WhiteElo "2297"]
[BlackElo "2402"]
[PlyCount "75"]
[EventDate "2024.09.10"]
[EventType "swiss (blitz)"]
[EventRounds "11"]
[EventCountry "USA"]
[SourceTitle "EXT 2025"]
[Source "ChessBase"]
[SourceDate "2024.10.14"]
[SourceVersion "1"]
[SourceVersionDate "2024.10.14"]
[SourceQuality "1"]

1. e4 c6 2. d3 d5 3. Nf3 Bg4 4. Be2 g6 5. 0-0 Bxf3 6. Bxf3 e6 7. exd5 cxd5 8. c4 Ne7 9. Nc3 Nbc6 10. cxd5 exd5 11. Re1 Bg7 12. Nxd5 0-0 13. Nxe7+ Nxe7 14. Bg5 f6 15. Qb3+ Kh8 16. Bf4 g5 17. Qxb7 Ng6 18. Qxa8 Nxf4 19. Qxd8 Rxd8 20. Be4 Ne6 21. Rac1 Nd4 22. Rc7 Re8 23. Rcc1 f5 24. Bxf5 Be5 25. Rc8 Rxc8 26. Bxc8 Bf6 27. Bd7 Kg7 28. Re8 h5 29. Ra8 Ne2+ 30. Kf1 Nc1 31. Rxa7 Bxb2 32. Bb5+ Kf6 33. Bc4 Bd4 34. Rd7 Bc3 35. a4 g4 36. Rb7 Ke5 37. Rb1 Bd2 38. a5 1-0

[Event "Titled Tuesday intern op 27th Aug Early"]
[Site "Chess.com INT"]
[Date "2024.08.27"]
[Round "1"]
[White "Baches Garcia, Guillermo"]
[Black "Norowitz, Yaacov"]
[Result "0-1"]
[WhiteElo "2322"]
[BlackElo "2402"]
[PlyCount "74"]
[EventDate "2024.08.27"]
[EventType "swiss (blitz)"]
[EventRounds "11"]
[EventCountry "USA"]
[SourceTitle "EXT 2025"]
[Source "ChessBase"]
[SourceDate "2024.10.14"]
[SourceVersion "1"]
[SourceVersionDate "2024.10.14"]
[SourceQuality "1"]

1. d4 Nf6 2. c4 e5 3. dxe5 Ne4 4. a3 d6 5. Nf3 Bf5 6. Nbd2 Nc6 7. Nxe4 Bxe4 8. e3 dxe5 9. Qxd8+ Rxd8 10. Be2 a5 11. Bd2 a4 12. Bc3 f6 13. Rd1 Rxd1+ 14. Bxd1 g5 15. Bxa4 g4 16. Nd2 Bxg2 17. Rg1 Bh3 18. b4 Kf7 19. Bb3 Nd8 20. c5+ Ke8 21. Ne4 Be7 22. Ke2 f5 23. Bxe5 Rf8 24. Nc3 c6 25. Rd1 Nf7 26. Bf4 Ng5 27. Bxg5 Bxg5 28. a4 Bf6 29. Na2 Bg2 30. Rd3 Be5 31. b5 Bxh2 32. Nb4 Ke7 33. b6 h5 34. a5 h4 35. a6 bxa6 36. Nxa6 h3 37. b7 Be5 0-1

[Event "Titled Tuesday intern op 27th Aug Late"]
[Site "Chess.com INT"]
[Date "2024.08.27"]
[Round "5"]
[White "Hamblok, Roel"]
[Black "Norowitz, Yaacov"]
[Result "1-0"]
[WhiteElo "2226"]
[BlackElo "2402"]
[PlyCount "101"]
[EventDate "2024.08.27"]
[EventType "swiss (blitz)"]
[EventRounds "11"]
[EventCountry "USA"]
[SourceTitle "EXT 2025"]
[Source "ChessBase"]
[SourceDate "2024.10.14"]
[SourceVersion "1"]
[SourceVersionDate "2024.10.14"]
[SourceQuality "1"]

1. e4 c6 2. d4 d5 3. exd5 cxd5 4. Bd3 Nf6 5. Nf3 Bg4 6. c3 Nc6 7. Nbd2 e6 8. h3 Bh5 9. Qb3 Qc7 10. 0-0 Bd6 11. a4 0-0 12. Re1 Rab8 13. Qa2 b6 14. Re3 Bf4 15. Re1 Rfe8 16. g4 Bg6 17. Bxg6 hxg6 18. Nf1 Ne4 19. Qb1 Na5 20. Bxf4 Qxf4 21. Qd3 Nc4 22. Re2 Rbc8 23. Kg2 g5 24. Ng3 Ncd6 25. Nh5 Nxf2 26. Nxf4 Nxd3 27. Nxd3 f6 28. a5 Re7 29. axb6 axb6 30. Nb4 Kf7 31. Ra6 Nc4 32. Ne1 Rcc7 33. Ned3 Ra7 34. b3 Rxa6 35. Nxa6 Nd6 36. Ra2 Nb5 37. Rc2 Ra7 38. Ndb4 Ra8 39. Kf3 Rc8 40. Ke3 Rxc3+ 41. Rxc3 Nxc3 42. Nc7 Ke7 43. Kd3 Ne4 44. Ncxd5+ exd5 45. Nxd5+ Kd6 46. Kxe4 b5 47. Ne3 g6 48. Kd3 Ke6 49. Kc3 f5 50. Kd3 f4 51. Nf1 1-0

[Event "Titled Tuesday intern op 27th Aug Late"]
[Site "Chess.com INT"]
[Date "2024.08.27"]
[Round "8"]
[White "Khumalo, Keith"]
[Black "Norowitz, Yaacov"]
[Result "1-0"]
[WhiteElo "2136"]
[BlackElo "2402"]
[PlyCount "73"]
[EventDate "2024.08.27"]
[EventType "swiss (blitz)"]
[EventRounds "11"]
[EventCountry "USA"]
[SourceTitle "EXT 2025"]
[Source "ChessBase"]
[SourceDate "2024.10.14"]
[SourceVersion "1"]
[SourceVersionDate "2024.10.14"]
[SourceQuality "1"]

1. d4 Nf6 2. c4 e5 3. dxe5 Ne4 4. Nf3 Nc6 5. e3 d6 6. Bd3 Nc5 7. exd6 Bxd6 8. Be2 Bf5 9. Nc3 Qd7 10. Nd4 h5 11. a3 0-0-0 12. b4 Nxd4 13. exd4 Ne4 14. Nxe4 Bxe4 15. 0-0 Qf5 16. f3 Bc2 17. Qd2 g5 18. Ra2 Bb1 19. Rb2 Qh7 20. Qxg5 Rhg8 21. Qh4 Bf5 22. Bg5 Rde8 23. c5 Bf8 24. c6 Qg6 25. cxb7+ Kb8 26. Bb5 Re6 27. Bf4 Be7 28. Qf2 h4 29. d5 Rb6 30. Bc6 Bf6 31. Rd2 Qg7 32. Kh1 Bc3 33. Rdd1 h3 34. g3 Bf6 35. b5 a6 36. Qxb6 Be5 37. Qxa6 1-0

[Event "Titled Tuesday intern op 27th Aug Late"]
[Site "Chess.com INT"]
[Date "2024.08.27"]
[Round "4"]
[White "Norowitz, Yaacov"]
[Black "Nakamura, Hikaru"]
[Result "0-1"]
[WhiteElo "2402"]
[BlackElo "2802"]
[PlyCount "108"]
[EventDate "2024.08.27"]
[EventType "swiss (blitz)"]
[EventRounds "11"]
[EventCountry "USA"]
[SourceTitle "EXT 2025"]
[Source "ChessBase"]
[SourceDate "2024.10.14"]
[SourceVersion "1"]
[SourceVersionDate "2024.10.14"]
[SourceQuality "1"]

1. d4 e6 2. e3 b6 3. f4 d5 4. Nf3 Bd6 5. c3 Nf6 6. Bd3 0-0 7. Nbd2 Ba6 8. Bxa6 Nxa6 9. Qe2 Qc8 10. 0-0 c5 11. Ne5 Nc7 12. b3 Rd8 13. Bb2 Nce8 14. c4 Qb7 15. Rac1 Rac8 16. Rfd1 Bf8 17. Qf3 Nd6 18. dxc5 bxc5 19. cxd5 exd5 20. h3 Nfe4 21. Nxe4 Nxe4 22. Ng4 Qa6 23. Rc2 f6 24. Ba1 c4 25. bxc4 Rxc4 26. Rxc4 Qxc4 27. Bd4 a5 28. Nf2 Qc2 29. Nxe4 dxe4 30. Qf1 Qxa2 31. Ra1 Qd5 32. Bb6 Ra8 33. Bd4 a4 34. Qe2 a3 35. Kh2 h5 36. Qc2 Qe6 37. Qf2 Rc8 38. Qe2 Qd5 39. Qa6 Ra8 40. Qe2 Bd6 41. Rd1 Rd8 42. Kg1 Bc5 43. Qc2 a2 44. Qb2 Ra8 45. Qa1 Bxd4 46. Rxd4 Qb3 47. Kh2 Qb1 48. Qc3 a1Q 49. Qc4+ Kh8 50. Rd5 Qg1+ 51. Kg3 Qxe3+ 52. Kh4 Qxf4+ 53. Kxh5 Qd1+ 54. Rxd1 Qg5# 0-1

[Event "Titled Tuesday intern op 27th Aug Early"]
[Site "Chess.com INT"]
[Date "2024.08.27"]
[Round "2"]
[White "Norowitz, Yaacov"]
[Black "Nguyen, Hong Nhung"]
[Result "1-0"]
[WhiteElo "2402"]
[BlackElo "2077"]
[PlyCount "131"]
[EventDate "2024.08.27"]
[EventType "swiss (blitz)"]
[EventRounds "11"]
[EventCountry "USA"]
[SourceTitle "EXT 2025"]
[Source "ChessBase"]
[SourceDate "2024.10.14"]
[SourceVersion "1"]
[SourceVersionDate "2024.10.14"]
[SourceQuality "1"]

1. d4 f5 2. Nf3 Nf6 3. e3 g6 4. Be2 Bg7 5. 0-0 d6 6. b3 0-0 7. Bb2 Qe8 8. c4 c6 9. d5 Na6 10. Nc3 Nc7 11. Rc1 h6 12. Nd4 Kh7 13. Bf3 e5 14. dxe6 Nxe6 15. Nxe6 Qxe6 16. Qd2 Rd8 17. Rfd1 Qe7 18. h3 Be6 19. Ne2 Rd7 20. Nd4 Bf7 21. Ba3 Rad8 22. Qa5 a6 23. Rd2 Ne4 24. Bxe4 Qxe4 25. Rcd1 f4 26. exf4 Qxf4 27. Ne2 Qe4 28. Bb2 d5 29. Bxg7 Kxg7 30. Qc3+ Kh7 31. Qf6 Qe6 32. Qxe6 Bxe6 33. c5 g5 34. Nd4 Bf7 35. Re1 Kg6 36. Rde2 Kf6 37. g4 a5 38. a3 Rb8 39. Kg2 Rc7 40. Rc1 b6 41. cxb6 Rxb6 42. Rc5 Ra6 43. Kg3 a4 44. b4 Rb6 45. f4 gxf4+ 46. Kxf4 Kg6 47. h4 Kf6 48. h5 Ra6 49. Rec2 Be8 50. b5 Rb6 51. bxc6 Rb1 52. Rxd5 Rf1+ 53. Kg3 Ra1 54. Rc3 Bf7 55. Rf3+ Ke7 56. Re3+ Kf6 57. Rd6+ Kg7 58. Rd7 Rc8 59. Rf3 Rg1+ 60. Kh3 Rd1 61. Rfxf7+ Kg8 62. Nf5 Rxc6 63. Rg7+ Kh8 64. Rh7+ Kg8 65. Rdg7+ Kf8 66. Rh8# 1-0

[Event "Titled Tuesday intern op 27th Aug Early"]
[Site "Chess.com INT"]
[Date "2024.08.27"]
[Round "8"]
[White "Norowitz, Yaacov"]
[Black "Pham, Le Thao Nguyen"]
[Result "1/2-1/2"]
[WhiteElo "2402"]
[BlackElo "2395"]
[PlyCount "140"]
[EventDate "2024.08.27"]
[EventType "swiss (blitz)"]
[EventRounds "11"]
[EventCountry "USA"]
[SourceTitle "EXT 2025"]
[Source "ChessBase"]
[SourceDate "2024.10.14"]
[SourceVersion "1"]
[SourceVersionDate "2024.10.14"]
[SourceQuality "1"]

1. d4 d5 2. e3 Nf6 3. Bd3 c6 4. Nd2 Bg4 5. Ne2 Nbd7 6. f3 Bh5 7. Nf4 Bg6 8. Nxg6 hxg6 9. f4 e6 10. Nf3 Ne4 11. Bxe4 dxe4 12. Ng5 Nf6 13. 0-0 Be7 14. c4 Qa5 15. Bd2 Qf5 16. h3 Nd7 17. g4 Qf6 18. Nxe4 Qh4 19. Rf3 f5 20. Be1 Qh7 21. Nf2 g5 22. fxg5 Bxg5 23. Qd3 g6 24. e4 0-0-0 25. Qa3 Bh4 26. Qxa7 Nb8 27. exf5 gxf5 28. gxf5 exf5 29. Qc5 Rhg8+ 30. Kf1 f4 31. Rd1 Rde8 32. Rxf4 Bxf2 33. Qf5+ Qxf5 34. Rxf5 Bxe1 35. Rxe1 Rxe1+ 36. Kxe1 Rg2 37. Rf2 Rg3 38. Rh2 Rd3 39. h4 Rxd4 40. h5 Rd7 41. Ke2 Rh7 42. Kf3 Nd7 43. Kg4 Kd8 44. h6 Ke7 45. Kg5 Ne5 46. Re2 Ke6 47. Re1 Kd6 48. Rd1+ Kc5 49. Rf1 Kxc4 50. Rf8 Kd4 51. b3 b5 52. a4 bxa4 53. bxa4 Kc5 54. Rf5 Kd6 55. Rf6+ Ke7 56. Rf5 Nf7+ 57. Kf4 Rxh6 58. a5 Rh4+ 59. Ke3 Ra4 60. Rh5 Nd6 61. Kd3 Ke6 62. Kc3 Nb5+ 63. Kb3 Ra1 64. Kb4 Kd6 65. Rh6+ Kc7 66. Rh7+ Kb8 67. Kc5 Na7 68. Kb6 Rb1+ 69. Ka6 Nc8 70. Rb7+ Rxb7 1/2-1/2

[Event "Titled Tuesday intern op 27th Aug Early"]
[Site "Chess.com INT"]
[Date "2024.08.27"]
[Round "7"]
[White "Norowitz, Yaacov"]
[Black "Vokhidov, Shamsiddin"]
[Result "0-1"]
[WhiteElo "2402"]
[BlackElo "2643"]
[PlyCount "76"]
[EventDate "2024.08.27"]
[EventType "swiss (blitz)"]
[EventRounds "11"]
[EventCountry "USA"]
[SourceTitle "EXT 2025"]
[Source "ChessBase"]
[SourceDate "2024.10.14"]
[SourceVersion "1"]
[SourceVersionDate "2024.10.14"]
[SourceQuality "1"]

1. d4 Nf6 2. e3 g6 3. Nf3 Bg7 4. Be2 0-0 5. 0-0 d6 6. b3 b6 7. Bb2 Bb7 8. c4 Nbd7 9. Qc2 e6 10. Nc3 Qe7 11. Rad1 a6 12. Rd2 e5 13. dxe5 Nxe5 14. Nxe5 dxe5 15. Rfd1 Rfd8 16. Nd5 Nxd5 17. cxd5 Rd7 18. e4 h5 19. Bf1 Rad8 20. g3 Rf8 21. Bh3 Rdd8 22. Rd3 Bc8 23. Bxc8 Rxc8 24. Rc3 Qd7 25. Rc6 Rfe8 26. Bc1 Bf8 27. Be3 Bd6 28. Rc1 Rcd8 29. h4 f5 30. Bg5 Rc8 31. Kg2 Rf8 32. Qd3 a5 33. Qb5 fxe4 34. Be3 Qg4 35. R1c2 Rf3 36. Bxb6 Rcf8 37. Qe2 cxb6 38. Rxd6 e3 0-1

[Event "Titled Tuesday intern op 30th Jul Early"]
[Site "Chess.com INT"]
[Date "2024.07.30"]
[Round "7"]
[White "Aravindh, Chithambaram VR"]
[Black "Norowitz, Yaacov"]
[Result "1-0"]
[WhiteElo "2703"]
[BlackElo "2402"]
[PlyCount "101"]
[EventDate "2024.07.30"]
[EventType "swiss (blitz)"]
[EventRounds "11"]
[EventCountry "USA"]
[SourceTitle "EXT 2025"]
[Source "ChessBase"]
[SourceDate "2024.10.14"]
[SourceVersion "1"]
[SourceVersionDate "2024.10.14"]
[SourceQuality "1"]

1. c4 c5 2. b3 Nf6 3. Bb2 g6 4. g3 Bg7 5. Bg2 0-0 6. Nf3 Nc6 7. 0-0 b6 8. d4 cxd4 9. Nxd4 Bb7 10. Nc3 Rc8 11. Rc1 d6 12. Nc2 Qd7 13. e4 Rfd8 14. Ne3 Ne5 15. h3 Qe8 16. f4 Ned7 17. Re1 Nxe4 18. Bxe4 Bxe4 19. Nxe4 Bxb2 20. Rc2 Bg7 21. Nd5 Qf8 22. f5 Be5 23. Rf2 Nf6 24. fxg6 hxg6 25. Nxe7+ Qxe7 26. Nxf6+ Kg7 27. Nd5 Qg5 28. Rg2 b5 29. cxb5 Rc5 30. Rf1 Rdc8 31. h4 Qd8 32. a4 f5 33. h5 Qg5 34. Nf4 Bxf4 35. gxf4 Qh4 36. Qxd6 Qxh5 37. Qe7+ Kg8 38. Qe6+ Kh7 39. Rh2 Qxh2+ 40. Kxh2 Rc2+ 41. Kg1 R8c3 42. Qe7+ Kh6 43. Qh4+ Kg7 44. Re1 Rc1 45. Rxc1 Rxc1+ 46. Kf2 Rc3 47. Qe7+ Kh6 48. Qe5 Rc2+ 49. Ke3 Kh5 50. Qf6 Rg2 51. Qe7 1-0

[Event "Titled Tuesday intern op 30th Jul Late"]
[Site "Chess.com INT"]
[Date "2024.07.30"]
[Round "4"]
[White "Golsefidy, Sepehr"]
[Black "Norowitz, Yaacov"]
[Result "1-0"]
[WhiteElo "2018"]
[BlackElo "2402"]
[PlyCount "49"]
[EventDate "2024.07.30"]
[EventType "swiss (blitz)"]
[EventRounds "11"]
[EventCountry "USA"]
[SourceTitle "EXT 2025"]
[Source "ChessBase"]
[SourceDate "2024.10.14"]
[SourceVersion "1"]
[SourceVersionDate "2024.10.14"]
[SourceQuality "1"]

1. d4 Nf6 2. c4 e5 3. dxe5 Ne4 4. Nf3 Nc6 5. Nbd2 Bb4 6. a3 Nxd2 7. Bxd2 Bxd2+ 8. Qxd2 0-0 9. e3 Qe7 10. Qc3 Re8 11. Be2 Nxe5 12. 0-0 d6 13. Nxe5 Qxe5 14. Qxe5 dxe5 15. Rad1 Be6 16. b3 a5 17. f4 Rad8 18. Rxd8 Rxd8 19. Rd1 Rxd1+ 20. Bxd1 exf4 21. exf4 a4 22. Kf2 axb3 23. Bxb3 b6 24. Ke3 c5 25. Ke4 1-0